|
|
|
|
| LEADER |
00000nab a2200000 a 4500 |
| 001 |
vtls010581357 |
| 003 |
SK-MaSNL |
| 005 |
20260304000620.0 |
| 008 |
140310|20140310xo dr | 000 0|slo |
| 015 |
|
|
|a SNBRB2014/03
|
| 038 |
|
|
|a DSZK
|
| 040 |
|
|
|a DSZK
|b slo
|c DSZK
|e AACR2
|
| 041 |
0 |
|
|a slo
|
| 044 |
|
|
|a xo
|c SK
|
| 080 |
|
|
|a 796.332.093.42
|x (437.6)
|2 2001
|
| 100 |
1 |
|
|a Cibulka, Stanislav
|4 aut
|9 352056
|
| 245 |
1 |
0 |
|a DAC myslí na záchranu ligy. Má tri body
|c Stanislav Cibulka, Ján Mikula
|
| 300 |
|
|
|b Fotogr.
|
| 610 |
2 |
7 |
|a FC Spartak Trnava
|2 dszk
|9 167760
|
| 610 |
2 |
7 |
|a FK DAC 1904 Dunajská Streda
|2 dszk
|9 117991
|
| 650 |
0 |
7 |
|a futbal
|x Corgoň liga
|x 21. kolo
|y sezóna 2013/2014
|2 dszk
|9 1276390
|
| 651 |
|
7 |
|a Dunajská Streda (Slovensko)
|2 SNKPH
|9 17375
|
| 651 |
|
7 |
|a Trnava (Slovensko)
|2 dszk
|9 19407
|
| 700 |
1 |
|
|a Mikula, Ján
|4 aut
|9 6564
|
| 773 |
0 |
|
|t Sme
|g Roč. 22, č. 57 (10.3.2014), s. 20
|x 1335-440X
|
| 852 |
|
|
|a DSZK
|b KIS3GCP
|
| 958 |
|
|
|a SK
|
| 999 |
|
|
|c 2532016
|d 2533946
|